Health Psychology : (Record no. 86034)
[ view plain ]
| 000 -LEADER | |
|---|---|
| fixed length control field | 01128nam a22003257a 4500 |
| 003 - CONTROL NUMBER IDENTIFIER | |
| control field | URS |
| 005 - DATE AND TIME OF LATEST TRANSACTION | |
| control field | 20250909112001.0 |
| 008 - FIXED-LENGTH DATA ELEMENTS--GENERAL INFORMATION | |
| fixed length control field | 250909b |||||||| |||| 00| 0 eng d |
| 020 ## - INTERNATIONAL STANDARD BOOK NUMBER | |
| International Standard Book Number | 978-1-5296-0990-5 |
| 040 ## - CATALOGING SOURCE | |
| Transcribing agency | URS |
| Language of cataloging | English |
| Description conventions | rda |
| 050 ## - LIBRARY OF CONGRESS CALL NUMBER | |
| Classification number | R726.7 |
| Item number | .H349 2024 |
| 245 ## - TITLE STATEMENT | |
| Title | Health Psychology : |
| Remainder of title | theory, research and practice / |
| Statement of responsibility, etc | David F. Marks...[and five others] |
| 250 ## - EDITION STATEMENT | |
| Edition statement | 7th edition. |
| 264 ## - PUBLICATION, DISTRIBUTION, ETC. (IMPRINT) | |
| Place of publication, distribution, etc | London : |
| Name of publisher, distributor, etc | SAGE Publication : |
| Date of publication, distribution, etc | ©2024. |
| 300 ## - PHYSICAL DESCRIPTION | |
| Extent | xix, 727 pages ; |
| Dimensions | 25cm. |
| 336 ## - CONTENT TYPE | |
| Source | rdacontent |
| Content type term | text |
| 337 ## - MEDIA TYPE | |
| Source | rdamedia |
| Media type term | unmediated |
| 338 ## - CARRIER TYPE | |
| Source | rdacarrier |
| Carrier type term | volume |
| 504 ## - BIBLIOGRAPHY, ETC. NOTE | |
| Bibliography, etc | Includes bibliographical references and index. |
| 650 #0 - SUBJECT ADDED ENTRY--TOPICAL TERM | |
| 9 (RLIN) | 8785 |
| Topical term or geographic name as entry element | Clinical health psychology |
| 650 #0 - SUBJECT ADDED ENTRY--TOPICAL TERM | |
| 9 (RLIN) | 3962 |
| Topical term or geographic name as entry element | Health behavior |
| 650 #0 - SUBJECT ADDED ENTRY--TOPICAL TERM | |
| 9 (RLIN) | 11084 |
| Topical term or geographic name as entry element | Health promotion |
| General subdivision | Psychological aspects. |
| 700 ## - ADDED ENTRY--PERSONAL NAME | |
| Personal name | Marks, David F., |
| Relator term | author. |
| 9 (RLIN) | 6455 |
| 700 ## - ADDED ENTRY--PERSONAL NAME | |
| 9 (RLIN) | 11085 |
| Personal name | Murray, Michael, |
| Relator term | author. |
| 700 ## - ADDED ENTRY--PERSONAL NAME | |
| 9 (RLIN) | 11087 |
| Personal name | Estacio, Emee Vida, |
| Relator term | author. |
| 700 ## - ADDED ENTRY--PERSONAL NAME | |
| Personal name | Annunziato, Rachel A., |
| Relator term | author. |
| 9 (RLIN) | 6452 |
| 700 ## - ADDED ENTRY--PERSONAL NAME | |
| Personal name | Locke, Abigail, |
| Relator term | author. |
| 9 (RLIN) | 6453 |
| 700 ## - ADDED ENTRY--PERSONAL NAME | |
| Personal name | Treharne, Gareth J., |
| Relator term | author. |
| 9 (RLIN) | 6454 |
| 942 ## - ADDED ENTRY ELEMENTS (KOHA) | |
| Source of classification or shelving scheme | Library of Congress Classification |
| Koha item type | Reserved Books |
| Withdrawn status | Lost status | Source of classification or shelving scheme | Damaged status | Not for loan | Collection code | Home library | Current library | Shelving location | Date acquired | Source of acquisition | Total Checkouts | Full call number | Barcode | Date last seen | Copy number | Price effective from | Koha item type |
|---|---|---|---|---|---|---|---|---|---|---|---|---|---|---|---|---|---|
| Library of Congress Classification | Non-fiction | Taytay College Library | Taytay College Library | Nursing Collection | 08/12/2025 | Purchased | R726.7 .H349 2024 | URSTAY-5818 | 09/16/2025 | 1 | 09/09/2025 | Reserved Books |